书目信息 |
| 题名: |
物业管理案例分析
|
|
| 作者: | 赵继新 , 孙强 编著 | |
| 分册: | ||
| 出版信息: | 北京 清华大学出版社 2010.08 |
|
| 页数: | 266页 | |
| 开本: | 23cm | |
| 丛书名: | 物业管理·物业设施管理专业通用系列教材 | |
| 单 册: | ||
| 中图分类: | F299.233 | |
| 科图分类: | ||
| 主题词: | 物业管理--wu ye guan li--案例--分析--中国--教材 | |
| 电子资源: | ||
| ISBN: | 978-7-302-23202-5 | |
| 000 | 01237nam 2200313 450 | |
| 001 | B00000076839 | |
| 005 | 20110714133732.62 | |
| 010 | @a978-7-302-23202-5@dCNY28.00 | |
| 100 | @a20100918d2010 em y0chiy50 ea | |
| 101 | 0 | @achi |
| 102 | @aCN@b110000 | |
| 105 | @aa a 000yy | |
| 106 | @ar | |
| 200 | 1 | @a物业管理案例分析@Awu ye guan li an li fen xi@f赵继新, 孙强编著 |
| 205 | @a第2版 | |
| 210 | @a北京@c清华大学出版社@d2010.08 | |
| 215 | @a266页@c图@d23cm | |
| 225 | 2 | @a物业管理·物业设施管理专业通用系列教材@Awu ye guan li wu ye she shi guan li zhuan ye tong yong xi lie jiao cai |
| 320 | @a有书目 (第265-266页) | |
| 330 | @a本书涉及物业管理案例分析概述、物业管理机构设置、物业管理制度、物业服务模式、物业招投标管理、物业服务公司的内部管理、物业服务公司财务管理、物业的安全管理、物业的使用与维护、物业环境的规划与管理以及物业管理与社区建设等内容,基本涵盖了物业管理的主要业务领域。 | |
| 333 | @a普通高等院校学生 | |
| 410 | 0 | @12001 @a物业管理·物业设施管理专业通用系列教材 |
| 586 | @a | |
| 606 | 0 | @a物业管理@Awu ye guan li@x案例@x分析@y中国@j教材 |
| 690 | @aF299.233@v5 | |
| 701 | 0 | @a赵继新@Azhao ji xin@4编著 |
| 701 | 0 | @a孙强@Asun qiang@4编著 |
| 801 | 0 | @aCN@c20110610 |
| 905 | @dF299.233@eZ300@f3 | |
| 物业管理案例分析/赵继新, 孙强编著.-第2版.-北京:清华大学出版社,2010.08 |
| 266页:图;23cm.-(物业管理·物业设施管理专业通用系列教材) |
| 使用对象:普通高等院校学生 |
| ISBN 978-7-302-23202-5:CNY28.00 |
| 本书涉及物业管理案例分析概述、物业管理机构设置、物业管理制度、物业服务模式、物业招投标管理、物业服务公司的内部管理、物业服务公司财务管理、物业的安全管理、物业的使用与维护、物业环境的规划与管理以及物业管理与社区建设等内容,基本涵盖了物业管理的主要业务领域。 |
| ● |
| 相关链接 |
|
|
|
正题名:物业管理案例分析
索取号:F299.233/Z300
 
预约/预借
| 序号 | 登录号 | 条形码 | 馆藏地/架位号 | 状态 | 备注 |
| 1 | 883402 | 208834029 | 社科库409/409社科库 31排2列2层/ [索取号:F299.233/Z300] | 在馆 | |
| 2 | 883403 | 208834038 | 社科库409/409社科库 31排2列2层/ [索取号:F299.233/Z300] | 在馆 | |
| 3 | 883404 | 208834047 | 社科二线422/409社科库 31排2列2层/ [索取号:F299.233/Z300] | 在馆 |